000 00805nam a22002177a 4500
008 090203t xxu||||| |||| 00| 0 eng d
010 _aENG-92809
020 _c120.00
_a9788190671132
035 _aEN-76342
037 _bDBAD / PUB
040 _adpl
_bEnglish
082 _a530.02462
100 _aAmirtharaj, L.F.A.
245 _aPhysics for engineers /
_cby L.F.A. Amirtharaj
260 _aCoimbatore
_bRainbow Publications
_c2008
270 _aSri Lakshmi Towers, Mettupalayam
_bCoimbatore
_e641043
300 _a89p.
_c29cm (pbk)
650 _aPhysics.
942 _2ddc
_cEN
_mAMI
_h530.02462
999 _c22938
_d22938